Transformers: Cyberverse Autobots and Decepticons + others - Statistics

General Stats
  • This quiz has been taken 27 times
  • The average score is 29 of 88
Answer Stats
Hint Answer % Correct
Autobot Bumblebee
100%
Autobot Optimus Prime
100%
Autobot Ratchet
90%
Decepticon Starscream
90%
Decepticon Megatron
80%
Decepticon Megatron X
80%
Decepticon Skywarp
80%
Decepticon Soundwave
80%
Decepticon Thundercracker
80%
Autobot Jetfire
70%
Decepticon Shockwave
70%
Autobot Hot Rod
60%
Decepticon Slipstream
60%
Autobot Wheeljack
60%
Decepticon Acid Storm
50%
Prime Alpha Trion
50%
Autobot Arcee
50%
Autobot/Decepticon Drift/Deadlock
50%
Autobot Grimlock
50%
Autobot Perceptor
50%
Autobot Whirl
50%
Autobot Windblade
50%
Autobot Cheetor
40%
Autobot Chromia
40%
Autobot Cosmos
40%
Decepticon Lockdown
40%
Decepticon Nova Storm
40%
Decepticon Ramjet
40%
Decepticon Tarn
40%
Mercenary Trypticon
40%
Decepticon Astrotrain
30%
Decepticon Bludgeon
30%
Mercenary Bug Bite
30%
Decepticon/Autobot Clobber
30%
Decepticon Dead End
30%
Decepticon Dirge
30%
Titan Iaconus
30%
Decepticon Laserbeak
30%
Prime Maccadam/Alchemist Prime
30%
Mercenary Nightbird
30%
Autobot Prowl
30%
Autobot Rack'n'Ruin
30%
Decepticon Shadowstriker
30%
Mercenary Soundblaster
30%
Decepticon Thrust
30%
Mercenary Afterburner
20%
Autobot Blurr
20%
Mercenary Buzzsaw
20%
Sharkticon Gnaw
20%
Decepticon Kickback
20%
Autobot Kup
20%
Autobot Meteorfire
20%
Monsterbot Repugnus
20%
Decepticon Skullcruncher
20%
Decepticon Sky-Byte
20%
Autobot Slag
20%
Autobot Sludge
20%
Autobot Snarl
20%
Autobot Swoop
20%
Autobot Thunderhowl
20%
Autobot/Decepticon Wildwheel
20%
Monsterbot Affluous
10%
Wildlife Air Hammer
10%
Decepticon Alpha Strike
10%
Sharkticon Backbite
10%
Wildlife Bantor
10%
Sharkticon Biter
10%
Decepticon Bombshell
10%
Wildlife Cave Monster
10%
Monsterbot Coolus
10%
Titan Croaton
10%
Mercenary Doublecrosser
10%
Titan Dweller
10%
Monsterbot Fabulous
10%
Autobot Hammerbyte
10%
Monsterbot Hippus
10%
Wildlife Injector
10%
Sharkticon Jawsy
10%
Wildlife Opabinia
10%
Monsterbot Operatus
10%
Monsterbot Raddus
10%
Sharkticon Sawtooth
10%
Wildlife Scraplet
10%
Decepticon Shrapnel
10%
Wildlife Singlehorn
10%
Monsterbot Stinkus
10%
Monsterbot Teknicus
10%
Autobot Teletraan X
10%
No matching quizzes found
Score Distribution
Percent of People with Each Score
Percentile by Number Answered
Your Score History
You have not taken this quiz